000
00222nam a22000857a 4500
008
160712b xxu||||| |||| 00| 0 eng d
100
_9
2636
_a
Scudder, C.W
245
_a
Danger Ahead!
260
_a
Tennessee
_b
Broadman Press
_c
1961
999
_c
2290
_d
2290